Technical choice innovation and economic growth : (Record no. 2103)

MARC details
000 -LEADER
fixed length control field 00799cam a2200217 4500
001 - CONTROL NUMBER
control field 2639
005 - DATE AND TIME OF LATEST TRANSACTION
control field 20181127165420.0
008 - FIXED-LENGTH DATA ELEMENTS--GENERAL INFORMATION
fixed length control field 750403s1975 enk b 001 0 eng
010 ## - LIBRARY OF CONGRESS CONTROL NUMBER
LC control number 74076583
020 ## - INTERNATIONAL STANDARD BOOK NUMBER
International Standard Book Number 0521205182.
-- 0521098750
043 ## - GEOGRAPHIC AREA CODE
Geographic area code e-uk---
-- n-us---
100 1# - MAIN ENTRY--PERSONAL NAME
Personal name David, Paul A.
245 10 - TITLE STATEMENT
Title Technical choice innovation and economic growth :
Remainder of title essays on American and British experience in the nineteenth century /
Statement of responsibility, etc. Paul A. David.
260 ## - PUBLICATION, DISTRIBUTION, ETC.
Place of publication, distribution, etc. London :
Name of publisher, distributor, etc. Cambridge University Press,
Date of publication, distribution, etc. 1975.
300 ## - PHYSICAL DESCRIPTION
Extent x, 334 p. ;
Dimensions 23 cm.
500 ## - GENERAL NOTE
General note Includes index.
504 ## - BIBLIOGRAPHY, ETC. NOTE
Bibliography, etc. note Bibliography: p. 315-324.
650 #0 - SUBJECT ADDED ENTRY--TOPICAL TERM
Topical term or geographic name entry element Economic development
General subdivision Mathematical models.
Topical term or geographic name entry element Technological innovations
Geographic subdivision Great Britain
General subdivision History.
Topical term or geographic name entry element Technological innovations
Geographic subdivision United States
General subdivision History.
Holdings
Withdrawn status Lost status Source of classification or shelving scheme Damaged status Not for loan Collection code Home library Current library Shelving location Serial Enumeration / chronology Inventory number Total Checkouts Full call number Barcode Date last seen Price effective from Koha item type
    Dewey Decimal Classification     Main TEST RTC Library RTC Library Main opac 2116   338.064 DAV 30000439 27/11/2018 27/11/2018 Main
Royal Thimphu College || All Right Reserved